000 00600nam a2200181 i 4500
001 141121
003 ES-MaACL
005 20230906200227.0
007 t|
008 070919s1946 sp ||||1| spa d
100 1 _aYurramendi y Alcain, Máximo.
_9117749
245 1 0 _aCurso de fundamentos racionales del dogma católico /
_cMáximo Yurramendi y Alcain.
260 _a[Madrid] :
_bAcción Católica Española,
_c[1946]
300 _a405 p. ;
_c19 cm.
650 1 4 _aApologética.
_99921
710 2 _aInstituto Central de Cultura Religiosa Superior.
_94809
852 _aES-MaACL
_jD-9236
_bR.34769
999 _c141121
_d141121